| 000 | 01220nam a22003377a 4500 | ||
|---|---|---|---|
| 003 | CHAP | ||
| 005 | 20220329133313.0 | ||
| 008 | 971013s1975 r 00010 d | ||
| 010 | _a4617 | ||
| 011 | _a5589 | ||
| 035 | _a4803 | ||
| 040 | _cCHAP | ||
| 090 | _aTesis | ||
| 100 | 0 | 0 |
_aBringas Grijalva, Guadalupe. _915369 |
| 245 |
_aFluctuaciones estacionales y diarias de las poblaciones de fauna insectil en soya _b: en el Valle del Yaqui, Sonora durante 1973. Chapingo, Méx. |
||
| 260 |
_aChapingo, Méx. : _bEl autor, _c1975 |
||
| 300 |
_a49 h. _b: gráfs. |
||
| 502 | _aTesis (Ing. Agr. Esp. en Parasitología Agrícola) -- ENA. Departamento de Parasitología Agrícola | ||
| 590 |
_aALEPH _b10 _c20130110 _lUCH01 _h1215 |
||
| 590 |
_aBATCH-UPD _b10 _c20130110 _lUCH01 _h0217 |
||
| 590 |
_aBATCH-UPD _b10 _c20130110 _lUCH01 _h1856 |
||
| 590 |
_aBATCH-UPD _b10 _c20130410 _lUCH01 _h1225 |
||
| 590 |
_aBATCH-UPD _b10 _c20130914 _lUCH01 _h0749 |
||
| 590 |
_aCONVERSION _b10 _c20130109 _lUCH01 _h1304 |
||
| 650 | 1 | 4 |
_aSoya _xPlagas. _9109077 |
| 650 | 1 | 4 |
_aSoya _xSonora. _9109090 |
| 710 | 0 |
_aENA. Departamento de Parasitología Agrícola. _936701 |
|
| 901 | _aBK | ||
| 942 | _cTESIS | ||
| 949 |
_bBC _cTES _d-141279 _eTS1 _i4803 _si |
||
| 999 |
_c4617 _d4617 |
||